000 01035cad a22002055a 4500
001 L157766
008 130502s2013 xxk f 000 0 eng d
035 _a(Sirsi) u157766
041 0 _aeng
110 2 _aThe Tenant Farming Forum
_96129
245 0 0 _aFarm rent reviews
_bIntroduction and good practice
_h[electronic resource]
260 _aEdinburgh
_bTFF
_c2013
520 _aFirst in a series of documents designed to facilitate good working relationships between landowners and tenants in Scotland. This brief guide is intended to be issued as an accompanying document to be included with a formal rent review notice and is a brief factual statement of what is considered as good practice in farm rent reviews.
590 _aKA
651 4 _aScotland
690 _aLandlord and tenant
_96252
690 _aRural
_96268
856 4 0 _uhttps://www.rics.org/Global/Downloads/The%20Tenant%20Farming%20Forum%20-%20Guide%20to%20Good%20Practice%20(SYREV230413)%20010513.pdf
_zView the item free of charge at www.rics.org
942 _n0
999 _c114957
_d114957